Представление документа в формате MARC21

Поле Инд. ПП Название Значение
Тип записи a
Библиографический уровень m
001 Контрольный номер 42afb32a-cfa8-4218-b9f8-e7764a0939b2
005 Дата корректировки 20140227052634.7
008 Кодируемые данные 060607s1982 rur a 000u 0rus d
017 a Номер государственной регистрации 82-64320
b Организация, присвоившая номер RuMoRKP
2 Источник номера ЛГР
020 a ISBN В пер.
c Цена, тираж 70 к.
040 a Служба первич. каталог. RuMoRKP
041 00 a Код языка текста rus
080 00 a Индекс УДК 3(07.07)
084 a Индекс другой классификации/Индекс ББК 60
090 x Авторский знак Е335
245 a Заглавие Единство и преемственность в преподавании общественных наук
c Ответственность [И. Л. Маринко, В. С. Барулин, Н. М. Дмитриенко и др.; Ред. И. Л. Маринко]
260 a Место издания Москва
b Издательство Высш. школа
c Дата издания 1982
300 a Объем 304 с.
c Размеры 21 см.
500 a Примечание Авт. указаны на 3-й с.
650 a Основная рубрика Общественные науки
x Основная подрубрика Методика преподавания
650 a Основная рубрика Преемственность в обучении
653 a Ключевые слова Общественные науки в целом
700 1_ a Другие авторы Маринко Иван Леонтьевич
e Роль лиц авт.
700 1_ a Другие авторы Барулин В. С.
e Роль лиц авт.
700 1_ a Другие авторы Дмитриенко Н. М.
e Роль лиц авт.
700 1_ a Другие авторы Маринко Иван Леонтьевич
e Роль лиц авт.